Oranges are not the Only fruit / Jeanette Winterson (Record no. 3776)

000 -LEADER
fixed length control field 00297nam a22001217a 4500
003 - CONTROL NUMBER IDENTIFIER
control field OSt
005 - DATE AND TIME OF LATEST TRANSACTION
control field 20170320115945.0
008 - FIXED-LENGTH DATA ELEMENTS--GENERAL INFORMATION
fixed length control field 170320b xxu||||| |||| 00| 0 eng d
020 ## - INTERNATIONAL STANDARD BOOK NUMBER
International Standard Book Number 9780099935704
245 ## - TITLE STATEMENT
Title Oranges are not the Only fruit / Jeanette Winterson
300 ## - PHYSICAL DESCRIPTION
Extent 171p
942 ## - ADDED ENTRY ELEMENTS (KOHA)
Source of classification or shelving scheme
Koha item type Fiction and Non- Fiction novels
Holdings
Withdrawn status Lost status Source of classification or shelving scheme Damaged status Not for loan Home library Current library Shelving location Date acquired Total Checkouts Barcode Date last seen Date checked out Price effective from Koha item type
          Riara University Library Riara University Library Leisure Reading 20/03/2017 2 nov19 14/01/2019 24/10/2018 20/03/2017 Fiction and Non- Fiction novels

Riara University Library,
P.O. Box 49940-00100,
Nairobi, Kenya.